Foreign investment in Colombia's financial sector
Salvato in:
| Autore principale: | |
|---|---|
| Altri autori: | , |
| Natura: | Libro |
| Lingua: | inglese |
| Pubblicazione: |
Washington
International Monetary Fund
1999
|
| Serie: | IMF Working Paper
WP/99/150 |
| Soggetti: | |
| Tags: |
Nessun Tag, puoi essere il primo ad aggiungerne!!
|
MARC
| LEADER | 00000nam a2200000 4500 | ||
|---|---|---|---|
| 001 | c124228 | ||
| 005 | 20221221082427.5 | ||
| 041 | 0 | |a eng | |
| 044 | |a US | ||
| 245 | 1 | 0 | |a Foreign investment in Colombia's financial sector |c Prepared by Adolfo Barajas, Roberto Steiner, and Natalia Salazar |
| 264 | 1 | |a Washington |b International Monetary Fund |c 1999 | |
| 300 | |a 39 s. | ||
| 490 | 1 | |a IMF Working Paper |v WP/99/150 | |
| 830 | 0 | |a IMF Working Paper |v WP/99/150 | |
| 610 | 2 | 0 | |a investície zahraničné |
| 610 | 2 | 0 | |a financie |
| 610 | 2 | 0 | |a liberalizácia |
| 610 | 2 | 0 | |a banky |
| 610 | 2 | 0 | |a kapitál zahraničný |
| 610 | 2 | 0 | |a ukazovatele ekonomické |
| 610 | 2 | 0 | |a analýzy |
| 610 | 2 | 0 | |a Kolumbia |
| 610 | 2 | 0 | |a Medzinárodný menový fond |
| 100 | 1 | |a Barajas, Adolfo | |
| 700 | 1 | |a Steiner, Roberto | |
| 700 | 1 | |a Salazar, Natalia | |